000 00441nam a2200205Ia 4500
001 14135
003 GE_BSU
008 181216s||||||||xx |||||||||||||| ||und||
020 _a9780141048987
040 _cGE_BSU
080 _a821.111-3
100 _aPalob,C.M.
245 4 _aThe templar's Code
260 _aLondon
260 _bPenguin Books
260 _c2010
300 _a515p.20cm.
653 _aThe templar's Code
942 _cBK
999 _c47275
_d47275